000
00329nam a2200133Ia 4500
008
191201s2011 xx 000 0 und d
100
_a
FOX, Robert W
245
0
_a
Introduction to Fluid Mechanics
250
_a
Rep
260
_a
N. Delhi
_b
Wiley Dreautech India
_c
2011
300
_a
754
650
_a
B.Tech(CE)
942
_2
ddc
_c
BK
999
_c
5520
_d
5520